Industrializácia Slovenska 1918-1938 (rozvoj alebo úpadok?)
Saved in:
| Main Author: | |
|---|---|
| Format: | Book |
| Language: | Slovak |
| Published: |
Bratislava
VEDA, vydavateľstvo SAV
1995
|
| Subjects: | |
| Tags: |
No Tags, Be the first to tag this record!
|
MARC
| LEADER | 00000nam$a2200000$$$4500 | ||
|---|---|---|---|
| 001 | 0022068 | ||
| 005 | 20240111124533.7 | ||
| 020 | |a 80-224-0410-1 | ||
| 041 | 0 | |a slo | |
| 044 | |a SK | ||
| 245 | 1 | 0 | |a Industrializácia Slovenska 1918-1938 |b (rozvoj alebo úpadok?) |c Ľudovít Hallon |
| 264 | 1 | |a Bratislava |b VEDA, vydavateľstvo SAV |c 1995 | |
| 300 | |a 211 s. | ||
| 610 | 2 | 0 | |a industrializácia |
| 610 | 2 | 0 | |a Slovensko |
| 610 | 2 | 0 | |a základňa ekonomická |
| 610 | 2 | 0 | |a reštrukturalizácia |
| 610 | 2 | 0 | |a konsolidácia |
| 610 | 2 | 0 | |a konjunktúra hospodárska |
| 610 | 2 | 0 | |a kríza hospodárska |
| 610 | 2 | 0 | |a stagnácia |
| 610 | 2 | 0 | |a vývoj hospodársky |
| 610 | 2 | 0 | |a porovnanie medzinárodné |
| 610 | 2 | 0 | |a stredná Európa |
| 610 | 2 | 0 | |a história |
| 610 | 2 | 0 | |a 1918-1938 |
| 100 | 1 | |a Hallon, Ľudovít | |